000 02896nam a22003617a 4500
999 _c22051
_d22051
003 AR-CdUCM
008 190515b ||||| |||| 00| 0 spa d
040 _aMUNICIPALIDAD PROVINCIAL DEL CUSCO
_cBIBLIOTECA MUNICIPAL DEL CUSCO
082 _aMVirreynal/N°2/1966
110 _aCasa de la Cultura departamental del Cuzco
_947291
245 _aRevista del Museo Virreynal /
_cCasa de la Cultura del Perú, Casa de la Cultura departamental del Cuzco, Museo Virreynal Cuzco
260 _aCusco :
_bH.G.Rozas,
_bMuseo Virreynal Cuzco,
_c1966.
300 _a78 [38] páginas. :
_bilustraciones ;
_c28 cm.
440 _aRevista del Museo Virreynal.
_nAño II, N°2, noviembre 1966.
_947294
500 _aRevista con dos códigos de barras antiguos 10216 y 040689
505 _aContenido: Historia de la fundación del Museo Virreynal del Cuzco. Luis A. Pardo -- Un Museo Histórico Regional para el Cuzco. Toribio Guerra Vereau -- Rumbo del arte peruano. Alfredo Yépez Miranda -- Con ocasión de. recordar a Tupac Amaru. Luis Felipe Paredes -- Zelenque. Doña Clorinda Matto de Turner -- ¡Salve Cuzco Magnífico! Hernando Vega Centeno Farfán -- Construcción en adobe. Oscar Ladrón de Guevara Avilés -- El Contador General del Incanato según Huamán Poma de Ayala. Carmela Pérez de Alarcón -- Apuntes para la Historia del Blasón Heráldico del Cuzco. Teófilo Benavente -- Tambo de Montero. José María Blanco -- Don Mateo García Pumacahua. Alcides Estrada -- El Ilmo. Obispo Don Manuel de Mollínedo y Angulo. Horacio Villanueva Urteaga -- Espergesia. Cesar Vallejo -- Espergesia, traducción libre al quechua. Efraín Chevarria -- Don Bartolomé Huamán Quispe. Teofilo Benavente -- San Pedro de Canchis tiene una Campana fechada en 1560. Teófilo Benavente -- La cena miserable. Cesar Vallejo -- Yarqay Mikhuy traducción libre al quechua. Efraín Chavarría -- La casa de Juan de Salas y Valdéz -- Cuzco una de las siete maravillas del Mundo. Alfredo Yépez Miranda -- Informe presentado por la CRIF. templo y ciudadela de Wiracocha -- Informe de la Casa de la Cultura del Cuzco. -- Crónica del Museo -- Joyas del Museo -- Los santos y las artesanías cusqueñas -- Ambientes del museo.
650 _aArquitectura religiosa
_95651
650 _aPintura cusqueña
_97254
650 _aArte cusqueño
_913165
650 _aObras de arte
_913563
650 _aClorinda Matto De Turner
_929945
700 _aYépez Miranda, Alfredo
_94230
700 _aEstrada, Alcides
_947179
700 _aPardo, Luis A
_925736
700 _aLadrón de Guevara Avilés, Oscar
_946572
700 _aBenavente Velarde, Teófilo
_93145
700 _aVillanueva Urteaga, Horacio
_95790
710 _aCasa de la Cultura del Perú
_96211
710 _aMuseo Virreynal Cuzco
_947293
856 _uhttp://bvirtual.culturacusco.gob.pe/items/show/24
_zLeer digital
942 _2ddc
_cPP
945 _arac